| 000 | 00583nam a2200205Ia 4500 | ||
|---|---|---|---|
| 005 | 20250508163651.0 | ||
| 008 | 008 250505s9999 xx 000 0 eng d | ||
| 020 | _a0 19 563509 4 | ||
| 037 | _aTextual | ||
| 040 |
_aFEDL _beng _cFEDL |
||
| 041 |
_aeng _2eng |
||
| 084 |
_a330.954, JAG _qFEDL |
||
| 100 |
_aJagdish Bhagwati _9578982 |
||
| 245 | 0 | _aIndia in transition : Freeing the economy | |
| 260 |
_aDelhi, India _bOxford University Press _c1994 |
||
| 300 | _aviii,108p. | ||
| 365 |
_aINR _b150 |
||
| 942 |
_cTEXL _h330.954, JAG |
||
| 999 |
_c1384600 _d1384600 |
||